The Championship final ranking 2025/2026 - Statistics

General Stats
  • This quiz has been taken 9 times
  • The average score is 16 of 24
Answer Stats
Points Goal difference Answer % Correct
1st 95 52 Coventry City
89%
3rd 83 15 Millwall
89%
11th 64 -2 Swansea City
89%
6th 73 4 Hull City
78%
2nd 84 33 Ipswich Town
78%
23rd 46 -10 Leicester City
78%
5th 80 25 Middlesbrough
78%
9th 65 7 Norwich City
78%
15th 58 -12 Queens Park Rangers
78%
7th 71 4 Wrexham
78%
10th 64 1 Birmingham City
67%
20th 52 -14 Blackburn Rovers
67%
8th 69 8 Derby County
67%
14th 60 -7 Preston North End
67%
4th 80 26 Southampton
67%
17th 55 -5 Stoke City
67%
16th 57 -12 Watford
67%
19th 53 -14 Charlton Athletic
56%
22nd 47 -14 Oxford United
56%
18th 55 -15 Portsmouth
56%
13th 60 0 Sheffield United
56%
24th 0 -60 Sheffield Wednesday
56%
21st 51 -10 West Bromwich Albion
56%
12th 62 0 Bristol City
33%
No matching quizzes found
Score Distribution
Percent of People with Each Score
Percentile by Number Answered
Your Score History
You have not taken this quiz